000 00787nam a2200289Ia 4500
005 20260324113721.0
008 008 260324s9999 xx 000 0 eng d
020 _a9781003181156
037 _aEBOOK
040 _aCRL
040 _beng
040 _cCRL
041 _2eng
041 _aeng
084 _qCRL
100 _aJulian Paul Keenan; Karina Quevedo; William D. Hopkins
_91147890
245 0 _aSelf-Face Recognition and the Brain
245 0 _bHow the Neuroscience of Mirror Recognition Has Changed Psychology, Psychiatry, and Evolution
260 _bTaylor and Francis
260 _c2023
365 _a
365 _b230
856 _uhttp://www.taylorfrancis.com/books/9781003181156
942 _cEBOOK
999 _c1737688
_d1737688